<?xml version="1.0" encoding="UTF-8"?>
<record
    xmlns:xsi="http://www.w3.org/2001/XMLSchema-instance"
    xsi:schemaLocation="http://www.loc.gov/MARC21/slim http://www.loc.gov/standards/marcxml/schema/MARC21slim.xsd"
    xmlns="http://www.loc.gov/MARC21/slim">

  <leader>01815nam2a2200301   4500</leader>
  <controlfield tag="001">RU\NLR\BIBL_A\011799921</controlfield>
  <controlfield tag="005">20250626133211.0</controlfield>
  <datafield tag="035" ind1=" " ind2=" ">
    <subfield code="a">(NLR Aleph) 011799921</subfield>
  </datafield>
  <datafield tag="090" ind1=" " ind2=" ">
    <subfield code="a">11866535</subfield>
    <subfield code="c">11866535</subfield>
  </datafield>
  <datafield tag="100" ind1=" " ind2=" ">
    <subfield code="a">20180927d2018    |||y0rusy50      ca</subfield>
  </datafield>
  <datafield tag="101" ind1="0" ind2=" ">
    <subfield code="a">rus</subfield>
    <subfield code="d">eng</subfield>
  </datafield>
  <datafield tag="102" ind1=" " ind2=" ">
    <subfield code="a">RU</subfield>
  </datafield>
  <datafield tag="105" ind1=" " ind2=" ">
    <subfield code="a">a   z   000yy</subfield>
  </datafield>
  <datafield tag="200" ind1="1" ind2=" ">
    <subfield code="a">&#x422;&#x440;&#x443;&#x434;&#x44B; &#x412;&#x441;&#x435;&#x440;&#x43E;&#x441;&#x441;&#x438;&#x439;&#x441;&#x43A;&#x43E;&#x439; &#x43A;&#x43E;&#x43D;&#x444;&#x435;&#x440;&#x435;&#x43D;&#x446;&#x438;&#x438; "XVII &#x421;&#x438;&#x431;&#x438;&#x440;&#x441;&#x43A;&#x430;&#x44F; &#x43D;&#x430;&#x443;&#x447;&#x43D;&#x430;&#x44F; &#x448;&#x43A;&#x43E;&#x43B;&#x430;-&#x441;&#x435;&#x43C;&#x438;&#x43D;&#x430;&#x440; &#x441; &#x43C;&#x435;&#x436;&#x434;&#x443;&#x43D;&#x430;&#x440;&#x43E;&#x434;&#x43D;&#x44B;&#x43C; &#x443;&#x447;&#x430;&#x441;&#x442;&#x438;&#x435;&#x43C; "&#x41A;&#x43E;&#x43C;&#x43F;&#x44C;&#x44E;&#x442;&#x435;&#x440;&#x43D;&#x430;&#x44F; &#x431;&#x435;&#x437;&#x43E;&#x43F;&#x430;&#x441;&#x43D;&#x43E;&#x441;&#x442;&#x44C; &#x438; &#x43A;&#x440;&#x438;&#x43F;&#x442;&#x43E;&#x433;&#x440;&#x430;&#x444;&#x438;&#x44F;" - SIBECRYPT'18" (&#x410;&#x431;&#x430;&#x43A;&#x430;&#x43D;, 3-8 &#x441;&#x435;&#x43D;&#x442;&#x44F;&#x431;&#x440;&#x44F; 2018 &#x433;.)</subfield>
  </datafield>
  <datafield tag="210" ind1=" " ind2=" ">
    <subfield code="d">2018</subfield>
    <subfield code="a">&#x411;. &#x43C;.</subfield>
  </datafield>
  <datafield tag="215" ind1=" " ind2=" ">
    <subfield code="a">159 &#x441;.</subfield>
    <subfield code="c">&#x438;&#x43B;.</subfield>
    <subfield code="d">29</subfield>
  </datafield>
  <datafield tag="300" ind1=" " ind2=" ">
    <subfield code="a">&#x420;&#x435;&#x437;. &#x43D;&#x430; &#x430;&#x43D;&#x433;&#x43B;. &#x44F;&#x437;.</subfield>
  </datafield>
  <datafield tag="320" ind1=" " ind2=" ">
    <subfield code="a">&#x411;&#x438;&#x431;&#x43B;&#x438;&#x43E;&#x433;&#x440;. &#x432; &#x43A;&#x43E;&#x43D;&#x446;&#x435; &#x441;&#x442;.</subfield>
  </datafield>
  <datafield tag="461" ind1=" " ind2="0">
    <subfield code="1">001RU\NLR\Per\638608</subfield>
    <subfield code="1">2001#$a&#x41F;&#x440;&#x438;&#x43A;&#x43B;&#x430;&#x434;&#x43D;&#x430;&#x44F; &#x434;&#x438;&#x441;&#x43A;&#x440;&#x435;&#x442;&#x43D;&#x430;&#x44F; &#x43C;&#x430;&#x442;&#x435;&#x43C;&#x430;&#x442;&#x438;&#x43A;&#x430;$i&#x41F;&#x440;&#x438;&#x43B;&#x43E;&#x436;&#x435;&#x43D;&#x438;&#x435;$v&#x2116; 11</subfield>
    <subfield code="9">3341790</subfield>
    <subfield code="c">&#x422;&#x43E;&#x43C;&#x441;&#x43A;</subfield>
    <subfield code="d">2009 -</subfield>
    <subfield code="i">&#x41F;&#x440;&#x438;&#x43B;&#x43E;&#x436;&#x435;&#x43D;&#x438;&#x435;</subfield>
    <subfield code="n">&#x422;&#x43E;&#x43C;&#x441;&#x43A;&#x438;&#x439; &#x433;&#x43E;&#x441;&#x443;&#x434;&#x430;&#x440;&#x441;&#x442;&#x432;&#x435;&#x43D;&#x43D;&#x44B;&#x439; &#x443;&#x43D;&#x438;&#x432;&#x435;&#x440;&#x441;&#x438;&#x442;&#x435;&#x442;</subfield>
    <subfield code="t">&#x41F;&#x440;&#x438;&#x43A;&#x43B;&#x430;&#x434;&#x43D;&#x430;&#x44F; &#x434;&#x438;&#x441;&#x43A;&#x440;&#x435;&#x442;&#x43D;&#x430;&#x44F; &#x43C;&#x430;&#x442;&#x435;&#x43C;&#x430;&#x442;&#x438;&#x43A;&#x430;</subfield>
    <subfield code="v">&#x2116; 11</subfield>
  </datafield>
  <datafield tag="606" ind1="1" ind2=" ">
    <subfield code="a">&#x41A;&#x43E;&#x43C;&#x43F;&#x44C;&#x44E;&#x442;&#x435;&#x440;&#x43D;&#x430;&#x44F; &#x43A;&#x440;&#x438;&#x43F;&#x442;&#x43E;&#x433;&#x440;&#x430;&#x444;&#x438;&#x44F;</subfield>
    <subfield code="j">&#x421;&#x44A;&#x435;&#x437;&#x434;&#x44B;, &#x441;&#x43E;&#x432;&#x435;&#x449;&#x430;&#x43D;&#x438;&#x44F; &#x438; &#x442;.&#x43F;</subfield>
    <subfield code="9">2083062</subfield>
    <subfield code="3">RU\NLR\AUTH\661259110</subfield>
  </datafield>
  <datafield tag="606" ind1="1" ind2=" ">
    <subfield code="a">&#x41A;&#x43E;&#x43C;&#x43F;&#x44C;&#x44E;&#x442;&#x435;&#x440;&#x44B;</subfield>
    <subfield code="j">&#x421;&#x44A;&#x435;&#x437;&#x434;&#x44B;, &#x441;&#x43E;&#x432;&#x435;&#x449;&#x430;&#x43D;&#x438;&#x44F; &#x438; &#x442;.&#x43F;</subfield>
    <subfield code="x">&#x411;&#x435;&#x437;&#x43E;&#x43F;&#x430;&#x441;&#x43D;&#x43E;&#x441;&#x442;&#x44C;</subfield>
    <subfield code="9">2096141</subfield>
    <subfield code="3">RU\NLR\AUTH\661268243</subfield>
  </datafield>
  <datafield tag="686" ind1="1" ind2=" ">
    <subfield code="a">&#x417;973.2-082.03&#x44F;431(2)</subfield>
  </datafield>
  <datafield tag="710" ind1="1" ind2="2">
    <subfield code="a">"&#x41A;&#x43E;&#x43C;&#x43F;&#x44C;&#x44E;&#x442;&#x435;&#x440;&#x43D;&#x430;&#x44F; &#x431;&#x435;&#x437;&#x43E;&#x43F;&#x430;&#x441;&#x43D;&#x43E;&#x441;&#x442;&#x44C; &#x438; &#x43A;&#x440;&#x438;&#x43F;&#x442;&#x43E;&#x433;&#x440;&#x430;&#x444;&#x438;&#x44F;", &#x441;&#x438;&#x431;&#x438;&#x440;&#x441;&#x43A;&#x430;&#x44F; &#x43D;&#x430;&#x443;&#x447;&#x43D;&#x430;&#x44F; &#x448;&#x43A;&#x43E;&#x43B;&#x430;-&#x441;&#x435;&#x43C;&#x438;&#x43D;&#x430;&#x440; &#x441; &#x43C;&#x435;&#x436;&#x434;&#x443;&#x43D;&#x430;&#x440;&#x43E;&#x434;&#x43D;&#x44B;&#x43C; &#x443;&#x447;&#x430;&#x441;&#x442;&#x438;&#x435;&#x43C;</subfield>
    <subfield code="d">17</subfield>
    <subfield code="e">&#x410;&#x431;&#x430;&#x43A;&#x430;&#x43D;</subfield>
    <subfield code="f">2018</subfield>
    <subfield code="9">625978</subfield>
    <subfield code="3">RU\NLR\AUTH\880482730</subfield>
  </datafield>
  <datafield tag="852" ind1=" " ind2=" ">
    <subfield code="a">NLR</subfield>
    <subfield code="j">&#x41F;8/1704</subfield>
  </datafield>
  <datafield tag="942" ind1=" " ind2=" ">
    <subfield code="c">ISSUE</subfield>
  </datafield>
  <datafield tag="980" ind1=" " ind2=" ">
    <subfield code="a">NB</subfield>
  </datafield>
  <datafield tag="980" ind1=" " ind2=" ">
    <subfield code="a">RUSPER</subfield>
  </datafield>
</record>
